MAC Football Champions - Statistics

General Stats
  • This quiz has been taken 10 times
    5 since last reset
  • The average score is 16 of 27
Answer Stats
Question Answer % Correct
1997
100%
1998
67%
1999
67%
2000
67%
2002
67%
2003
67%
2004
67%
2006
67%
2007
67%
2011
67%
2012
67%
2014
67%
2016
67%
2017
67%
2018
67%
2019
67%
2020
67%
2021
67%
2022
67%
2001
33%
2005
33%
2008
33%
2009
33%
2010
33%
2013
33%
2015
33%
2023
33%
No matching quizzes found
Score Distribution
Percent of People with Each Score
Percentile by Number Answered
Your Score History
You have not taken this quiz since the last reset